00446nam a2200157Ia 4500020001800000082001600018100002500034245005800059260003100117300001100148440004400159504004000203650002000243650000800263700001700271 a0-262-13449-7 a321.8 MAN-E aMansfield, Edward D. 0aElecting to fight: why emerging democracies go to war aCambridgebMIT Pressc2005 ax, 300 aBCSIA studies in International Security aincludes bibliographical references aDemocratization aWar aSnyder, Jack